Statistics for 2024 MotoGP Riders

Click here to take the quiz!

General Stats

  • This quiz has been taken 252 times
  • The average score is 18 of 22

Answer Stats

TeamCountryRider% Correct
GresiniSpainÁlex Márquez
97%
GresiniSpainMarc Márquez
97%
KTMSouth AfricaBrad Binder
88%
DucatiItalyFrancesco Bagnaia
88%
KTMAustraliaJack Miller
86%
YamahaFranceFabio Quartararo
85%
ApriliaSpainMaverick Viñales
84%
ApriliaSpainAleix Espargaró
83%
DucatiItalyEnea Bastianini
82%
PramacSpainJorge Martín
82%
LCRFranceJohann Zarco
81%
HondaItalyLuca Marini
80%
YamahaSpainÁlex Rins
78%
HondaSpainJoan Mir
78%
VR46ItalyMarco Bezzecchi
78%
PramacItalyFranco Morbidelli
74%
LCRJapanTakaaki Nakagami
73%
TrackhousePortugalMiguel Oliveira
72%
Tech3SpainPedro Acosta
72%
TrackhouseSpainRaúl Fernández
71%
Tech3SpainAugusto Fernández
70%
VR46ItalyFabio Di Giannantonio
66%

Score Distribution

Percentile by Number Answered

Percent of People with Each Score

Your Score History

You have not taken this quiz